000 00428nam a2200145Ia 4500
008 231129s1995||||xx |||||||||||||| ||spa||
020 _a958-9353-00-2
040 _bspa
082 _a341.481 M178n
100 _aMadrid-Malo Garizabal Mario
245 0 _aNuevas siluetas para una historia de los derechos humanos
260 _c1995
264 _aDefensoria del pueblo
942 _2ddc
_cBKS
999 _c21884
_d21884